Представление документа в формате RUSMARC

ПолеНазваниеЗначение
  Тип записи a
  Библиографический уровень m
001 Контрольный номер d528c8d8bf364f449ef11e3e4fc6c261
005 Дата корректировки 20201221140458.6
010 Индекс ISBN __
a ISBN 978-5-04-093415-7 (в пер.)
d Цена 220-17, 4000 экз.
100 Данные общей обработки __
a Данные общей обработки 19201002d2018 |||y0rusy0189 ca
101 Язык документа 0_
a Язык текста rus
102 Страна публикации __
a Страна публикации RU
102 Страна публикации __
a Страна публикации RU
105 Кодированные данные (монография) __
a Кодированные данные (монография) #|||||||000zy
200 Заглавие и сведения об ответственности 1_
a Заглавие Замочная скважина
f Первые сведения об ответственности Маша Трауб
203 Вид содержания и тип средства __
a Вид содержания Текст
c Тип средства непосредственный
210 Выходные данные __
a Место издания Москва
c Издательство Э
d Дата издания 2018
215 Физическое описание __
a Объем 314, [1] с.
d Формат 21 cм
225 Серия __
a Серия Проза разных лет
330 Аннотация __
a Аннотация Мало кто признается, что хочет подглядеть в замочную скважину за жизнью соседей. Но мало кто откажется от подобного предложения. Ведь за каждой дверью разворачиваются драмы, разыгрываются комедии, люди ссорятся и мирятся, объясняются в любви и разводятся. Маша Трауб приглашает нас в панельную многоэтажку в спальном районе Москвы. В таком доме, где слышен каждый звук, невозможно что-либо скрыть. Собственно, герои Трауб ничего скрывать друг от друга и не пытаются - они живут своеобразной коммуной: все друг про друга знают, вместе отмечают праздники, дружат семьями и даже если осуждают кого-то, то тоже вместе.
333 Примечание о целевом назначении __
a Примечание о целевом назначении 16+. Для детей старше 16 лет
606 Тематические рубрики __
a Основная рубрика Художественная литература
606 Тематические рубрики __
a Основная рубрика Современная русская литература (произведения)
z Хронологическая подрубрика 21 в.
610 Ключевые слова __
a Ключевые слова проза
610 Ключевые слова __
a Ключевые слова современная проза
610 Ключевые слова __
a Ключевые слова женская проза
610 Ключевые слова __
a Ключевые слова романы
610 Ключевые слова __
a Ключевые слова тема людей
610 Ключевые слова __
a Ключевые слова тема жизни
610 Ключевые слова __
a Ключевые слова тема судьбы
610 Ключевые слова __
a Ключевые слова тема семейных отношений
686 Индексы других классификаций __
2 Код системы rubbks
a Классификационный индекс 84(2=411.2)6-4; ст84(2=411.2)6-4
700 Автор _1
a Фамилия Трауб
b Имя М.
c Титул (звания) псевдоним
c Титул (звания) Киселева, М.
f Даты 1976-
g Полное личное имя Маша
4 Код отношения 070
801 Источник записи _2
a Страна RU
b Организация Муниципальное бюджетное учреждение культуры "Централизованная библиотечная система" г. Сургут (Центральная городская библиотека им. А. С. Пушкина)
c Дата составления 20201002
852 Данные о местонахождении __
j Шифр хранения 84(2=411.2)6-4
i Авторский знак Т 65
901 Тип документа __
a Ответственный ООФиК/Волкова
t Тип документа m
903 Характеристики (МАРС) __
a Дата передачи 20201002
911 __
u 336a=Текст
911 __
u 337a=непосредственный
990 Данные о заказе (DOS) __
j Количество экземпляров (DOS) 9
t N записи в КСУ для И/У (DOS) 202009